Statistics for The Next Step - All Characters

Click here to take the quiz!

General Stats

  • This quiz has been taken 846 times
    (616 since last reset)
  • The average score is 83 of 104

Answer Stats

Hint Answer % Correct
Season 1Emily
99%
Season 1Riley
99%
Season 1Michelle
98%
Season 1James
98%
Season 1Eldon
95%
Season 1West
94%
Season 3Noah
93%
Season 4Richelle
93%
Season 1Tiffany
92%
Season 1Chloe
91%
Season 1Miss Kate
90%
Season 2Amanda
89%
Season 4Piper
87%
Season 1Stephanie
87%
Season 1Giselle
86%
Season 1Daniel
86%
Season 1Chris
82%
Season 4Amy
81%
Season 2Thalia
79%
Season 2Hunter
78%
Season 4Henry
76%
Season 5Ozzy
73%
Season 6Summer
73%
Season 6Finn
71%
Season 3Cierra
70%
Season 4LaTroy
68%
Season 5Kingston
67%
Season 6Lily
66%
Season 3Max
66%
Season 4Alfie
64%
Season 4Skylar
63%
Season 4Sloane
63%
Season 4Cassie
61%
Season 2Phoebe
60%
Season 6Kenzie
60%
Season 5Lola
56%
Season 5Jacquie
53%
Season 6Miss Angela
50%
Season 3Shantel
49%
Season 5Josh
46%
Season 6Davis
42%
Season 7Nick
41%
Season 7Cleo
41%
Season 5Zara
39%
Season 5Heather
34%
Season 7Heathcliff
33%

Score Distribution

Percentile by Number Answered

Percent of People with Each Score

Your Score History

You have not taken this quiz since the last reset